000 00450nam a22001817a 4500
005 20240215001616.0
008 240215b |||||||| |||| 00| 0 eng d
082 _222
_a320.
_bREC.
100 _aMahajan V.D.
245 _aRecent political Thought :
_cV.D. Mahajan.
250 _a7th,
260 _aNew Delhi :
_bS. Chand & Company LTD /
_c1990.
300 _axvi, 985.,
650 _aHistory.
650 _aPolitical
650 _aLaw
942 _cL
999 _c397
_d397